Представление документа в формате RUSMARC

ПолеНазваниеЗначение
  Тип записи a
  Библиографический уровень m
001 Контрольный номер RU/CBS_UL/BASE/23ac5b93660f44d1be1e28784881a62e
005 Дата корректировки 20251006162258.8
101 Язык документа __
a Язык текста rus
102 Страна публикации __
a Страна публикации RU
200 Заглавие и сведения об ответственности 0_
a Заглавие № 10
210 Выходные данные __
d Дата издания 2025
461 Уровень набора __
1 2001
a Спасайкин
v № 10
1 210
d 2025
801 Источник записи __
a Страна RU
b Организация МБУК ЦБС г. Ульяновска
g Правила каталогизации RCR
901 Тип документа __
w Контрольный № источника RU/CBS_UL/BASE/635472459
t Тип документа s
909 Создатель записи __
a Создатель записи mbo